000 00344nam a2200133Ia 4500
008 151213s9999 xx 000 0 und d
100 _aPeter Jons
245 _aShakespeare : the Sonnets : a Case Book.
_cPeter Jons
260 _aHampshire
_bMacwilliam
_c1977
300 _a1869 p.
650 _aEnglish
700 _aPeter Jons
999 _c1374
_d1374